000 00352cam a22001337a 4500
008 180718b1960 xxu||||| |||| 00| 0 eng d
082 _aBA27x5411 B288
100 _aBaruah, Tapan Kumar M.
245 _aIdu Mishmis
_cTapan Kumar M. Baruah
260 _aShillong
_bNEFA
_c1960
300 _a110p.
500 _aRs.3.55
650 _aMishmi (Indic people).
999 _c359266
_d359266